Liberation theology : (Record no. 1953)

MARC details
000 -LEADER
fixed length control field 00961nam a2200277 a 4500
001 - CONTROL NUMBER
control field 1956656
003 - CONTROL NUMBER IDENTIFIER
control field GBCCL
005 - DATE AND TIME OF LATEST TRANSACTION
control field 20241126110413.0
008 - FIXED-LENGTH DATA ELEMENTS--GENERAL INFORMATION
fixed length control field 870804s1987 pau b 001 0 eng
010 ## -
-- 87162179
020 ## - INTERNATIONAL STANDARD BOOK NUMBER
International Standard Book Number 087722479X
020 ## - INTERNATIONAL STANDARD BOOK NUMBER
International Standard Book Number 1850430543
040 ## - CATALOGING SOURCE
Original cataloging agency DLC
Transcribing agency DLC
Modifying agency DLC
050 00 -
-- BT83.57
-- .B49 1987b
082 00 - DEWEY DECIMAL CLASSIFICATION NUMBER
Classification number 230.0464
Edition information 19
Item number BER
100 1# - MAIN ENTRY--PERSONAL NAME
Personal name Berryman, Phillip.
9 (RLIN) 4038
245 10 - TITLE STATEMENT
Title Liberation theology :
Remainder of title essential facts about the revolutionary movement in Latin America--and beyond /
Statement of responsibility, etc. Phillip Berryman.
260 ## - PUBLICATION, DISTRIBUTION, ETC.
Place of publication, distribution, etc. Philadelphia :
Name of publisher, distributor, etc. Temple University Press,
Date of publication, distribution, etc. c1987.
300 ## - PHYSICAL DESCRIPTION
Extent 231 p. ;
Dimensions 21 cm.
500 ## - GENERAL NOTE
General note Jacket has subtitle: Essential facts about the revolutionary religious movement in Latin America and beyond.
500 ## - GENERAL NOTE
General note Includes index.
504 ## - BIBLIOGRAPHY, ETC. NOTE
Bibliography, etc. note Bibliography: p. [209]-222.
650 #0 - SUBJECT ADDED ENTRY--TOPICAL TERM
Topical term or geographic name entry element Liberation theology.
9 (RLIN) 1640
906 ## - LOCAL DATA ELEMENT F, LDF (RLIN)
a 7
b cbc
c orignew
d 2
e ncip
f 19
g y-gencatlg
942 ## - ADDED ENTRY ELEMENTS (KOHA)
Source of classification or shelving scheme Dewey Decimal Classification
Koha item type Books
Koha issues (borrowed), all copies 7
Holdings
Withdrawn status Lost status Source of classification or shelving scheme Damaged status Not for loan Home library Current Library Shelving location Date acquired Total checkouts Full call number Barcode Date last seen Date last checked out Copy number Price effective from Koha item type
    Dewey Decimal Classification     GRACE BIBLE COLLEGE GRACE BIBLE COLLEGE Theology 2017-06-02 10 230.0464 BER 002493 2026-01-30 2026-01-27 c.1 2017-06-02 Books
© Grace Bible College Library 2025